[Event "Prva liga Centralne Srbije 2007"]
[Site "Vrnjacka Banja"]
[Date "2007.09.29"]
[Round "4.1"]
[White "Muratovic, Alija"]
[Black "Marinkovic, Zoran"]
[Result "1/2-1/2"]
[WhiteElo "2476"]
[BlackElo "2273"]
[PlyCount "103"]
[EventDate "2007.09.09"]

1. e4 c5 2. Nf3 Nc6 3. d4 cxd4 4. Nxd4 g6 5. Nc3 Bg7 6. Be3 Nf6 7. Be2 O-O 8.
O-O d5 9. exd5 Nxd5 10. Nxd5 Nxd4 11. Bxd4 Qxd5 12. Bxg7 Qxd1 13. Rfxd1 Kxg7
14. c4 Be6 15. f4 Rac8 16. b3 Rc7 17. Kf2 a6 18. Ke3 h6 19. Rd2 Rb8 20. Rc1 b6
21. c5 bxc5 22. Bxa6 Rb4 23. Be2 g5 24. g3 f5 25. Bf3 Kf6 26. Bd5 Rd4 27. Bxe6
Kxe6 28. Rc3 Re4+ 29. Kf3 c4 30. b4 Ra7 31. b5 Ra5 32. Rb2 Kd7 33. b6 Kc8 34.
a3 Kb7 35. h3 e5 36. fxe5 Raxe5 37. a4 Rd4 38. Kf2 h5 39. Ra3 Ra5 40. Rb4 Rd6
41. Re3 Rxb6 42. Re7+ Ka6 43. Rxc4 Rd5 44. Re2 Rb3 45. Re6+ Ka5 46. h4 Rd2+ 47.
Ke1 Rg2 48. Re5+ Ka6 49. Re6+ Ka7 50. Kf1 Rgxg3 51. hxg5 Rxg5 52. a5 1/2-1/2

[Event "Prva liga Centralne Srbije 2007"]
[Site "Vrnjacka Banja"]
[Date "2007.09.29"]
[Round "4.1"]
[White "Djukanovic, Sreten"]
[Black "Djakovac, Enes"]
[Result "1-0"]
[WhiteElo "2329"]
[BlackElo "2237"]
[PlyCount "80"]
[EventDate "2007.09.09"]

1. d4 d5 2. c4 c6 3. e3 Nf6 4. Nc3 e6 5. Nf3 Bd6 6. Bd3 O-O 7. O-O Nbd7 8. e4
dxe4 9. Nxe4 Nxe4 10. Bxe4 Nf6 11. Bc2 h6 12. b3 Qa5 13. Bb2 Ba3 14. Bxa3 Qxa3
15. Re1 b6 16. Ne5 Bb7 17. c5 Rfd8 18. Nc4 Qb4 19. a3 Qc3 20. Re3 Qxd4 21. Rd3
bxc5 22. Rxd4 cxd4 23. Na5 Rab8 24. Rc1 Ba8 25. Bd3 Rd6 26. Qc2 Nd7 27. b4 f5
28. Qe2 Kf7 29. Qh5+ Kf6 30. Qh4+ Kf7 31. Qf4 Ke7 32. Re1 Rf8 33. Nc4 Rd5 34.
Qc7 Kf6 35. f3 c5 36. Be4 fxe4 37. fxe4 Kg6 38. exd5 Bxd5 39. Qxd7 Bxc4 40.
bxc5 Bd5 1-0

[Event "Prva liga Centralne Srbije 2007"]
[Site "Vrnjacka Banja"]
[Date "2007.09.29"]
[Round "4.1"]
[White "Milosavljevic, Milisav"]
[Black "Civric, Zdravko"]
[Result "1-0"]
[WhiteElo "2199"]
[BlackElo "2190"]
[PlyCount "77"]
[EventDate "2007.09.09"]

1. Nf3 Nf6 2. c4 e6 3. g3 b6 4. Bg2 Bb7 5. O-O c5 6. Nc3 Be7 7. d4 cxd4 8. Qxd4
O-O 9. Rd1 Nc6 10. Qf4 a6 11. b3 Rc8 12. Bb2 Nb4 13. Rac1 d6 14. h3 Qc7 15. a3
Nc6 16. Nd5 exd5 17. cxd5 Qd7 18. dxc6 Rxc6 19. Rxc6 Bxc6 20. Bxf6 Bxf6 21.
Qxd6 Qb7 22. Ne1 Bxg2 23. Nxg2 Be7 24. Qd3 Bxa3 25. Ra1 Bc5 26. Qxa6 Qc7 27. e3
h6 28. Rd1 Qc6 29. Qd3 Qf6 30. Nf4 Ra8 31. Kg2 g6 32. Nd5 Qc6 33. e4 Ra2 34.
Rd2 Rxd2 35. Qxd2 Bf8 36. Qd4 Bc5 37. Qe5 Bf8 38. Qe8 Qc2 39. Nxb6 1-0

[Event "Prva liga Centralne Srbije 2007"]
[Site "Vrnjacka Banja"]
[Date "2007.09.29"]
[Round "4.1"]
[White "Minic, Miroslav"]
[Black "Milosavljevic, Zoran"]
[Result "0-1"]
[WhiteElo "2086"]
[BlackElo "2185"]
[PlyCount "140"]
[EventDate "2007.09.09"]

1. e4 c5 2. Nf3 Nc6 3. Bb5 Qc7 4. O-O e6 5. c3 a6 6. Ba4 c4 7. d4 cxd3 8. Qxd3
d6 9. Bf4 e5 10. Be3 Nf6 11. Nbd2 Be7 12. Bb3 Na5 13. Bc2 Be6 14. Ng5 Bd7 15.
a4 h6 16. Ngf3 Be6 17. b4 Nc4 18. Bb3 Rc8 19. Rac1 Qc6 20. Nxc4 Bxc4 21. Qxc4
Qxc4 22. Bxc4 Rxc4 23. Nd2 Rc7 24. c4 O-O 25. f3 Rfc8 26. b5 Nd7 27. Kf2 Bg5
28. Rfd1 Nc5 29. Bxc5 Rxc5 30. Ra1 Kf8 31. Nb3 Rxc4 32. bxa6 bxa6 33. Rxd6 Rb8
34. Rd3 Bf4 35. Ra2 Rcb4 36. Nc5 Rb2+ 37. Rxb2 Rxb2+ 38. Kf1 Bxh2 39. Nxa6 Bg3
40. Rd1 Rf2+ 41. Kg1 Ra2 42. Nb4 Rxa4 43. Nd5 g6 44. Rb1 Kg7 45. Kf1 Ra2 46.
Rc1 h5 47. Rb1 Rd2 48. Ra1 f5 49. Ra7+ Kh6 50. Ne7 Rf2+ 51. Kg1 Re2 52. Ra1
fxe4 53. Kf1 Rf2+ 54. Kg1 exf3 55. gxf3 Rxf3 56. Ra6 Bh4 57. Rxg6+ Kh7 58. Re6
Rg3+ 59. Kh1 Rg5 60. Ng6 Rxg6 61. Rxe5 Kh6 62. Rb5 Bg5 63. Kg2 h4 64. Rb3 Kh5
65. Kh3 Re6 66. Ra3 Re5 67. Rb3 Bf4 68. Ra3 Rg5 69. Ra4 Rg3+ 70. Kh2 Kg4 0-1

[Event "Prva liga Centralne Srbije 2007"]
[Site "Vrnjacka Banja"]
[Date "2007.09.29"]
[Round "4.1"]
[White "Ikic, Alija"]
[Black "Djokic, Vladan"]
[Result "1-0"]
[WhiteElo "2137"]
[BlackElo "2282"]
[PlyCount "95"]
[EventDate "2007.09.09"]

1. Nf3 c5 2. c4 Nf6 3. g3 g6 4. Bg2 Bg7 5. O-O O-O 6. Nc3 d5 7. d3 Nc6 8. Bf4
d4 9. Na4 Nd7 10. Rb1 e5 11. Bd2 Qe7 12. a3 a5 13. e3 dxe3 14. Bxe3 Nd4 15. Re1
Qd6 16. Ng5 Nf6 17. Nc3 h6 18. Nge4 Nxe4 19. Nxe4 Qc7 20. Nc3 f5 21. Nd5 Qd6
22. f4 Kh7 23. b4 axb4 24. axb4 Ne6 25. bxc5 Qd8 26. fxe5 g5 27. d4 f4 28. Bf2
Ra2 29. Rb3 Qa5 30. Nc3 Rxf2 31. Kxf2 fxg3+ 32. Kg1 gxh2+ 33. Kxh2 Rf4 34. Ne4
Nxd4 35. Rbe3 Nf5 36. Rf3 Rxf3 37. Bxf3 Bxe5+ 38. Kh1 Bg7 39. Nd6 Qxc5 40. Nxc8
Qf2 41. Be4 Qh4+ 42. Kg2 Qg3+ 43. Kf1 Qh3+ 44. Bg2 Qh4 45. Qd3 Qf4+ 46. Ke2
Qe5+ 47. Qe4 Qb2+ 48. Kf1 1-0

[Event "Prva liga Centralne Srbije 2007"]
[Site "Vrnjacka Banja"]
[Date "2007.09.30"]
[Round "4.3"]
[White "Kojovic, Dragan"]
[Black "Ristic, Nenad"]
[Result "1-0"]
[WhiteElo "2407"]
[BlackElo "2435"]
[PlyCount "113"]
[EventDate "2007.09.09"]

1. e4 c5 2. Nf3 Nc6 3. Nc3 g6 4. d4 cxd4 5. Nxd4 Bg7 6. Be3 Nf6 7. Be2 O-O 8.
Nb3 d6 9. h4 Be6 10. h5 gxh5 11. Qd2 Ne5 12. Bh6 Bxh6 13. Qxh6 Qb6 14. O-O-O a5
15. Nd4 Rfc8 16. Nd5 Bxd5 17. exd5 Qd8 18. Nf5 Qf8 19. Qg5+ Ng6 20. Bxh5 Rc5
21. Bf3 Rac8 22. Rd2 Nd7 23. Nh6+ Kg7 24. Nf5+ Kh8 25. Qh5 Nf6 26. Qh3 Rc4 27.
g4 Qg8 28. g5 Ne4 29. Bxe4 Rxe4 30. f3 Rf4 31. Rdh2 Rc5 32. Nh6 Qg7 33. Qd7 Nf8
34. Qxe7 Rxd5 35. Ng4 Rxg4 36. fxg4 Qxg5+ 37. Qxg5 Rxg5 38. Rh5 Rxg4 39. Rxa5
Kg7 40. Rb5 Kg6 41. Rxb7 h5 42. Rb5 h4 43. Rd5 f5 44. Rxd6+ Kg5 45. b3 Ng6 46.
a4 f4 47. Rd5+ Kf6 48. Rd4 Rg2 49. a5 f3 50. a6 Rg5 51. a7 Ra5 52. Ra4 Rxa7 53.
Rxa7 Kf5 54. Rf7+ Ke4 55. Re1+ Kd4 56. Rf5 h3 57. Kd2 1-0

[Event "Prva liga Centralne Srbije 2007"]
[Site "Vrnjacka Banja"]
[Date "2007.09.30"]
[Round "4.3"]
[White "Ristic, Nebojsa M"]
[Black "Solomunovic, Igor"]
[Result "1/2-1/2"]
[WhiteElo "2371"]
[BlackElo "2396"]
[PlyCount "56"]
[EventDate "2007.09.09"]

1. d4 Nf6 2. Nf3 d5 3. c4 e6 4. Nc3 Be7 5. Bg5 O-O 6. e3 h6 7. Bh4 b6 8. Be2
Bb7 9. Bxf6 Bxf6 10. cxd5 exd5 11. Qb3 Re8 12. O-O c6 13. Rfe1 Nd7 14. Rad1 Nf8
15. e4 Ne6 16. e5 Be7 17. g3 Bf8 18. h4 f6 19. Bd3 fxe5 20. Bg6 Qf6 21. Bxe8
Rxe8 22. Nxe5 Nxd4 23. Rxd4 Rxe5 24. Rxe5 Qxe5 25. Re4 Qf5 26. Rf4 Qe6 27. Re4
Qf5 28. Rf4 Qe6 1/2-1/2

[Event "Prva liga Centralne Srbije 2007"]
[Site "Vrnjacka Banja"]
[Date "2007.09.30"]
[Round "4.3"]
[White "Rabrenovic, Vladan"]
[Black "Djoric, Dusan"]
[Result "1/2-1/2"]
[WhiteElo "2312"]
[BlackElo "2308"]
[PlyCount "116"]
[EventDate "2007.09.09"]

1. d4 d5 2. c4 Nc6 3. cxd5 Qxd5 4. e3 e5 5. Nc3 Bb4 6. Bd2 Bxc3 7. bxc3 exd4 8.
cxd4 Nf6 9. Ne2 O-O 10. Nf4 Qd6 11. Be2 b6 12. O-O Bb7 13. Qa4 a5 14. Bf3 Rab8
15. Rfc1 Ne7 16. Bxb7 Rxb7 17. Rc2 Rd8 18. Rac1 h6 19. Qb3 Ra7 20. a4 Ne8 21.
Be1 Qd7 22. f3 g5 23. Nd3 Qe6 24. Qxe6 fxe6 25. Ne5 Rb7 26. Nc6 Nxc6 27. Rxc6
Kf7 28. Bg3 Rd7 29. Be5 h5 30. Kf2 h4 31. g3 b5 32. Rb1 b4 33. gxh4 gxh4 34.
Ra6 Nd6 35. Rxa5 Nc4 36. Rc5 Nxe5 37. Rxe5 Rd5 38. Rxd5 exd5 39. Rb3 Ke6 40. e4
dxe4 41. fxe4 Kd6 42. Ke3 c5 43. Kd3 Re7 44. Rb2 Re8 45. Rc2 cxd4 46. Rc4 Rb8
47. Rxd4+ Ke6 48. Rd5 b3 49. Rb5 Ra8 50. a5 Kd6 51. Kc3 Kc6 52. Rh5 Rb8 53. Kb2
Rb4 54. Rxh4 Kb5 55. Rh5+ Kc4 56. Rh3 Ra4 57. Rc3+ Kd4 58. e5 Rxa5 1/2-1/2

[Event "Prva liga Centralne Srbije 2007"]
[Site "Vrnjacka Banja"]
[Date "2007.09.30"]
[Round "4.3"]
[White "Stankovic, Dragan P"]
[Black "Irizanin, Radoje"]
[Result "1-0"]
[WhiteElo "2315"]
[BlackElo "2325"]
[PlyCount "89"]
[EventDate "2007.09.09"]

1. g3 c5 2. Bg2 Nc6 3. c4 g6 4. Nc3 Bg7 5. Rb1 d6 6. a3 a5 7. d3 e5 8. Nf3 Nge7
9. O-O O-O 10. Ne1 Be6 11. Nc2 d5 12. cxd5 Nxd5 13. Ne3 Nde7 14. Ne4 b6 15. Bd2
h6 16. Nc4 Ra7 17. Nc3 Rd7 18. Qa4 Nd4 19. Rfe1 Ra7 20. b4 cxb4 21. axb4 b5 22.
Nxb5 Bd7 23. bxa5 Nef5 24. Be3 Nxe3 25. fxe3 Nxb5 26. Rxb5 Bxb5 27. Qxb5 Qb8
28. Rb1 Qxb5 29. Rxb5 Rc8 30. Bb7 Rc7 31. a6 e4 32. Kf2 exd3 33. exd3 Bf8 34.
Kf3 Kg7 35. h4 h5 36. Ke4 Rd7 37. d4 Kf6 38. Rb6+ Ke7 39. Ne5 Rc7 40. Nc6+ Rxc6
41. Rxc6 Kd7 42. Kd5 Be7 43. e4 Bd8 44. Kc5 Bc7 45. e5 1-0

[Event "Prva liga Centralne Srbije 2007"]
[Site "Vrnjacka Banja"]
[Date "2007.09.30"]
[Round "4.3"]
[White "Colovic, Dusan"]
[Black "Milosevic, Slavisa"]
[Result "1-0"]
[WhiteElo "2356"]
[BlackElo "2272"]
[PlyCount "81"]
[EventDate "2007.09.09"]

1. d4 f5 2. Bf4 Nf6 3. e3 d6 4. Nc3 g6 5. h4 h6 6. Nf3 Bg7 7. Bc4 c6 8. Qe2 b5
9. Bd3 O-O 10. a4 b4 11. Nb1 Nbd7 12. Nbd2 Nd5 13. h5 e5 14. Bxh6 Bxh6 15. hxg6
Kg7 16. dxe5 dxe5 17. Bc4 Qf6 18. O-O-O N7b6 19. Bb3 Be6 20. a5 Nd7 21. Nc4 Rh8
22. Kb1 Kxg6 23. e4 Nf4 24. exf5+ Bxf5 25. Nfxe5+ Nxe5 26. Qxe5 Kg7 27. Qc7+
Kf8 28. Rd6 Ne6 29. Qxc6 Re8 30. Rd7 Bg7 31. Re1 Rh4 32. Ne5 Qxe5 33. Rxe5 Bxe5
34. Rxa7 Be4 35. Qb5 Bf6 36. g3 Rh1+ 37. Ka2 Bg6 38. Qxb4+ Be7 39. Qg4 Bc5 40.
Qxg6 Bxa7 41. Qf6+ 1-0

[Event "Prva liga Centralne Srbije 2007"]
[Site "Vrnjacka Banja"]
[Date "2007.09.30"]
[Round "4.3"]
[White "Jokovic, Dragan"]
[Black "Mirkovic, Stevan"]
[Result "1/2-1/2"]
[WhiteElo "2164"]
[BlackElo "2226"]
[PlyCount "49"]
[EventDate "2007.09.09"]

1. d4 d5 2. Bg5 c6 3. e3 Nd7 4. f4 Qb6 5. b3 Ngf6 6. Bd3 e6 7. c3 Be7 8. Nd2
Qa5 9. b4 Qc7 10. Ngf3 a5 11. a3 b6 12. O-O Ba6 13. Qe2 Bxd3 14. Qxd3 O-O 15.
Ne5 Rfe8 16. Nxd7 Qxd7 17. Bxf6 Bxf6 18. c4 axb4 19. axb4 Rxa1 20. Rxa1 c5 21.
bxc5 bxc5 22. Nf3 cxd4 23. exd4 dxc4 24. Qxc4 Rd8 25. Rd1 1/2-1/2

[Event "Prva liga Centralne Srbije 2007"]
[Site "Vrnjacka Banja"]
[Date "2007.09.30"]
[Round "4.4"]
[White "Markovic, Zoran S"]
[Black "Mitrovic, Petar"]
[Result "1/2-1/2"]
[WhiteElo "2379"]
[BlackElo "2374"]
[PlyCount "41"]
[EventDate "2007.09.09"]

1. e4 e6 2. d4 d5 3. Nd2 c5 4. exd5 exd5 5. Ngf3 Nf6 6. Bb5+ Bd7 7. Bxd7+ Nbxd7
8. O-O Be7 9. dxc5 Nxc5 10. Re1 O-O 11. Nf1 Re8 12. Be3 Qc7 13. Bd4 Nce4 14.
Ne3 Rad8 15. c3 b6 16. Qb3 Bc5 17. Rad1 Qc6 18. Rd3 h6 19. Red1 Nh5 20. g3 Bf8
21. a4 1/2-1/2

[Event "Prva liga Centralne Srbije 2007"]
[Site "Vrnjacka Banja"]
[Date "2007.09.30"]
[Round "4.4"]
[White "Panic, Nenad"]
[Black "Dmitrovic, Tomislav"]
[Result "1-0"]
[WhiteElo "2361"]
[BlackElo "2266"]
[PlyCount "59"]
[EventDate "2007.09.09"]

1. b3 b5 2. e3 Bb7 3. Nf3 a6 4. c4 b4 5. d4 e6 6. a3 a5 7. Bd3 Nf6 8. O-O Be7
9. Nbd2 c5 10. e4 d5 11. cxd5 exd5 12. Re1 dxe4 13. Nxe4 O-O 14. Nxc5 Bxc5 15.
dxc5 Nbd7 16. Be3 Rc8 17. Bf5 Rc7 18. axb4 axb4 19. Rc1 Qa8 20. Qd6 Rc6 21. Qd4
Rd8 22. Red1 Rcc8 23. Qxb4 Bxf3 24. gxf3 Ne5 25. Bxc8 Nxf3+ 26. Kh1 Rxc8 27. c6
Rxc6 28. Rxc6 Qxc6 29. Rd8+ Ne8 30. Qc4 1-0

[Event "Prva liga Centralne Srbije 2007"]
[Site "Vrnjacka Banja"]
[Date "2007.09.30"]
[Round "4.4"]
[White "Tosic, Nebojsa"]
[Black "Jovic, Stanoje"]
[Result "1/2-1/2"]
[WhiteElo "2227"]
[BlackElo "2295"]
[PlyCount "61"]
[EventDate "2007.09.09"]

1. e4 c6 2. d4 d5 3. e5 Bf5 4. c4 e6 5. Nc3 Nd7 6. Be3 f6 7. f4 Nh6 8. h3 fxe5
9. fxe5 Be7 10. Nf3 O-O 11. Qd2 Bg6 12. Bf2 Be4 13. Be2 Bxf3 14. Bxf3 dxc4 15.
O-O Nxe5 16. Be2 b5 17. Qe3 Nef7 18. Qxe6 Bd6 19. Qe4 Qd7 20. Qh4 Bc7 21. Ne4
Rae8 22. Bf3 Nf5 23. Qh5 Rxe4 24. Bxe4 Qd6 25. g3 g6 26. Qf3 Ng5 27. Qg2 Nxd4
28. Rad1 c5 29. Bd5+ Kg7 30. Rxd4 cxd4 31. Bxd4+ 1/2-1/2

[Event "Prva liga Centralne Srbije 2007"]
[Site "Vrnjacka Banja"]
[Date "2007.09.30"]
[Round "4.4"]
[White "Zivkovic, Momcilo"]
[Black "Rajkovic, Ljubomir"]
[Result "1/2-1/2"]
[WhiteElo "2147"]
[BlackElo "2208"]
[PlyCount "102"]
[EventDate "2007.09.09"]

1. e4 e5 2. Nf3 Nc6 3. Bb5 Bc5 4. O-O Nd4 5. Nxd4 Bxd4 6. c3 Bb6 7. d4 c6 8.
Bc4 d6 9. dxe5 dxe5 10. Qxd8+ Bxd8 11. f4 exf4 12. Bxf4 Be6 13. Nd2 Nf6 14.
Bxe6 fxe6 15. Nc4 O-O 16. Bd6 Re8 17. e5 Nd5 18. Rf3 b5 19. Nd2 Bb6+ 20. Kh1 h6
21. b3 Ne3 22. Ne4 Rad8 23. h3 Rd7 24. Re1 Nf5 25. Ref1 Ne3 26. Rf8+ Rxf8 27.
Rxf8+ Kh7 28. g4 Kg6 29. Re8 Rf7 30. Rxe6+ Kh7 31. Bc5 Bxc5 32. Nxc5 Rf1+ 33.
Kh2 Rf2+ 34. Kg3 Rxa2 35. Rxc6 g5 36. Kf3 Nd5 37. c4 bxc4 38. bxc4 Nf4 39. Ke4
Rf2 40. Ra6 Nxh3 41. Rxa7+ Kg8 42. Ne6 Rc2 43. c5 Nf2+ 44. Kf5 Nd3 45. Ke4 Nf2+
46. Kf5 Nd3 47. Ke4 Nf2+ 48. Kf3 Nd1 49. Ke4 Nf2+ 50. Kf5 Nd3 51. Ke4 Nf2+
1/2-1/2

[Event "Prva liga Centralne Srbije 2007"]
[Site "Vrnjacka Banja"]
[Date "2007.09.30"]
[Round "4.5"]
[White "Cvetkovic, Nemanja"]
[Black "Miljkovic, Miroslav"]
[Result "1-0"]
[WhiteElo "2276"]
[BlackElo "2405"]
[PlyCount "89"]
[EventDate "2007.09.09"]

1. d4 Nf6 2. c4 e6 3. Nf3 Bb4+ 4. Nbd2 O-O 5. a3 Be7 6. e4 d5 7. e5 Nfd7 8. b4
a5 9. b5 c5 10. cxd5 exd5 11. Bd3 Re8 12. O-O b6 13. Re1 Nf8 14. Nf1 Ne6 15.
Ne3 Bb7 16. Nf5 Nd7 17. h4 Ndf8 18. h5 Rc8 19. h6 g6 20. Nxe7+ Qxe7 21. Be3
cxd4 22. Nxd4 Nxd4 23. Bxd4 Ne6 24. Bxb6 d4 25. Bxa5 Nf4 26. Be4 d3 27. Qf3
Bxe4 28. Qxf4 Ba8 29. Rad1 Qb7 30. f3 Re6 31. Qb4 Qa7+ 32. b6 Qa6 33. Re3 d2
34. Rxd2 g5 35. Red3 Rc1+ 36. Kf2 f6 37. Rd8+ Kf7 38. Qf8+ Kg6 39. Qg8+ Kh5 40.
Qxe6 Bxf3 41. Qh3+ Kg6 42. gxf3 Qxa5 43. Rg8+ Kf7 44. Qd7+ Kxg8 45. Qg7# 1-0

[Event "Prva liga Centralne Srbije 2007"]
[Site "Vrnjacka Banja"]
[Date "2007.09.30"]
[Round "4.5"]
[White "Perunovic, Miodrag"]
[Black "Rajkovic, Ljubisa"]
[Result "1-0"]
[WhiteElo "2368"]
[BlackElo "2189"]
[PlyCount "73"]
[EventDate "2007.09.09"]

1. d4 Nf6 2. Nf3 e6 3. e3 c5 4. Bd3 b6 5. O-O Bb7 6. c4 Be7 7. Nc3 d6 8. b3
Nbd7 9. Bb2 O-O 10. d5 Re8 11. e4 e5 12. g3 Nf8 13. Nh4 Bc8 14. Ng2 Bh3 15. f4
exf4 16. gxf4 Ng6 17. Qf3 Bxg2 18. Qxg2 Nd7 19. Kh1 Bf6 20. Rae1 Bd4 21. Nb5
Bxb2 22. Qxb2 Qb8 23. Re3 a6 24. Nc3 Qd8 25. Rg3 Qf6 26. Qd2 Kh8 27. Ne2 Re7
28. Rg5 Ngf8 29. Ng3 h6 30. Rf5 Qh4 31. Rh5 Qg4 32. e5 g6 33. Rxh6+ Kg7 34. Be2
Qxg3 35. hxg3 Kxh6 36. f5+ Kh7 37. e6 1-0

[Event "Prva liga Centralne Srbije 2007"]
[Site "Vrnjacka Banja"]
[Date "2007.09.30"]
[Round "4.5"]
[White "Jakovljevic, Zivota"]
[Black "Maksimovic, Branimir"]
[Result "0-1"]
[WhiteElo "2131"]
[BlackElo "2362"]
[PlyCount "81"]
[EventDate "2007.09.09"]

1. d4 Nf6 2. c4 e6 3. Nc3 Bb4 4. Qc2 O-O 5. Nf3 c5 6. a3 Bxc3+ 7. Qxc3 b6 8.
dxc5 bxc5 9. g3 Bb7 10. Bg2 a5 11. O-O d6 12. Bf4 Qc7 13. Rfd1 e5 14. Be3 Nc6
15. Bg5 Nd4 16. Nxd4 cxd4 17. Qc2 Bxg2 18. Kxg2 Nd7 19. Kg1 a4 20. Bd2 Nc5 21.
Bb4 Nb3 22. Rab1 Ra6 23. Qd3 Qc6 24. f3 f5 25. e4 fxe4 26. fxe4 Rc8 27. Rf1
Qxc4 28. Qf3 Qe6 29. Qe2 Rac6 30. Qf3 h6 31. Rf2 Qg6 32. Re1 Rc1 33. Rxc1 Rxc1+
34. Kg2 Nc5 35. Bxc5 dxc5 36. b4 c4 37. Qf8+ Kh7 38. Qa8 Re1 39. Rf5 c3 40. Qc8
Qg4 41. Qe6 0-1

[Event "Prva liga Centralne Srbije 2007"]
[Site "Vrnjacka Banja"]
[Date "2007.09.30"]
[Round "4.5"]
[White "Miljkovic, Mihajlo"]
[Black "Klcesko, Nebojsa"]
[Result "1-0"]
[WhiteElo "2260"]
[BlackElo "1887"]
[PlyCount "179"]
[EventDate "2007.09.09"]

1. d4 d5 2. c4 e6 3. Nc3 Nf6 4. Bg5 Be7 5. cxd5 exd5 6. Qc2 c6 7. e3 h6 8. Bh4
Be6 9. Bd3 Nbd7 10. Nf3 Rc8 11. O-O O-O 12. Rac1 c5 13. dxc5 Nxc5 14. Nd4 Nxd3
15. Qxd3 Nd7 16. Bxe7 Qxe7 17. Nf5 Qf6 18. Nd6 Nc5 19. Qd4 Rc6 20. Qxf6 gxf6
21. Ndb5 Nd3 22. Rc2 a6 23. Nd4 Rcc8 24. Rd1 Ne5 25. h3 Nc6 26. Nxc6 bxc6 27.
Na4 d4 28. Rxd4 Bxa2 29. Rc5 Kg7 30. Rg4+ Kh7 31. Rf4 Kg7 32. Nc3 Be6 33. Ra4
Rb8 34. Rxa6 Rxb2 35. Raxc6 Rd8 36. Rb5 Rc2 37. Rcc5 f5 38. e4 f4 39. Nd5 Re2
40. Nxf4 Rxe4 41. Nh5+ Kg6 42. f3 Red4 43. Kh2 R8d6 44. Kg3 Bd7 45. Ra5 Ra4 46.
Nf4+ Kg7 47. Rxa4 Bxa4 48. Rc7 Bb3 49. Ne2 Rg6+ 50. Kf2 Rd6 51. Nc3 Rd2+ 52.
Kg3 Bc2 53. Re7 Bb3 54. Ne4 Ra2 55. Rc7 Ra6 56. Nc5 Rg6+ 57. Kf2 Bd5 58. Nd3
Ra6 59. Nf4 Ra2+ 60. Kg3 Bb3 61. Nd3 Rd2 62. Ne5 h5 63. h4 Be6 64. Rc5 Rd5 65.
Rxd5 Bxd5 66. Nd3 f6 67. Nf4 Bf7 68. Kf2 Kh6 69. Ke3 Kg7 70. Kd4 Be8 71. Kd5
Bf7+ 72. Kd6 Kf8 73. Kd7 Be8+ 74. Ke6 Kg7 75. Ke7 Bf7 76. Ne6+ Kg6 77. Nf8+ Kg7
78. Nd7 f5 79. Kd6 Ba2 80. Ke5 Kg6 81. Nf8+ Kf7 82. Nh7 Kg6 83. Ng5 Bb3 84. Nh3
Bc2 85. Nf4+ Kf7 86. Nxh5 Kg6 87. Nf4+ Kf7 88. Nd5 Bd3 89. h5 Bc2 90. Ne3 1-0

[Event "Prva liga Centralne Srbije 2007"]
[Site "Vrnjacka Banja"]
[Date "2007.09.30"]
[Round "4.6"]
[White "Ilincic, Zlatko"]
[Black "Manic, Jovica"]
[Result "1-0"]
[WhiteElo "2509"]
[BlackElo "2266"]
[PlyCount "77"]
[EventDate "2007.09.09"]

1. d4 c5 2. d5 e5 3. e4 d6 4. f4 exf4 5. Bxf4 Be7 6. Nf3 Bg4 7. Nbd2 a6 8. h3
Bh5 9. g4 Bg6 10. Qe2 Nf6 11. O-O-O O-O 12. h4 h5 13. g5 Ng4 14. Bh3 b5 15.
Bxg4 hxg4 16. Nh2 Bh5 17. Ndf1 f6 18. Ng3 fxg5 19. Nxh5 gxf4 20. Qxg4 Bf6 21.
Nxf4 Bxb2+ 22. Kxb2 Qf6+ 23. Kb1 Qxf4 24. Qe6+ Qf7 25. Qxd6 Re8 26. Ng4 Rxe4
27. Rhg1 Kh7 28. Rdf1 Qe8 29. Rf8 Re1+ 30. Kb2 Qxf8 31. Qxf8 Rxg1 32. Qf5+ Kg8
33. Qc8+ Kh7 34. Ne5 Nd7 35. Qxd7 Rf8 36. Nf7 Rf1 37. Ng5+ Kh6 38. Ne6 R8f7 39.
Qe8 1-0

[Event "Prva liga Centralne Srbije 2007"]
[Site "Vrnjacka Banja"]
[Date "2007.09.30"]
[Round "4.6"]
[White "Nikolic, Boban"]
[Black "Pap, Misa"]
[Result "0-1"]
[WhiteElo "2224"]
[BlackElo "2493"]
[PlyCount "86"]
[EventDate "2007.09.09"]

1. b3 b6 2. Bb2 Bb7 3. Nf3 e6 4. e3 Nf6 5. Be2 Be7 6. O-O c5 7. c4 O-O 8. d4 d6
9. Nc3 a6 10. Qc2 Nbd7 11. Rad1 cxd4 12. Nxd4 Qc7 13. Rd2 Rac8 14. Qb1 Nc5 15.
f3 Rfd8 16. Rc1 Qb8 17. b4 Ncd7 18. a3 Ne5 19. Nd1 Ng6 20. Nb3 Nd7 21. Qa1 Bf8
22. Rdc2 Bc6 23. a4 d5 24. cxd5 Bxd5 25. Rxc8 Rxc8 26. Bxa6 Rxc1 27. Nxc1 Bd6
28. Ne2 Bxh2+ 29. Kf1 Qa8 30. Bb5 Nde5 31. e4 Bc6 32. Nf2 h5 33. Nd4 Bxb5+ 34.
axb5 Qe8 35. Qc1 Bg3 36. Qc3 Qe7 37. Nh3 Qh4 38. Nc6 f5 39. Qb3 Kh7 40. Bxe5
Bxe5 41. Qxe6 Bc3 42. Nf2 Qf4 43. exf5 Qc1+ 0-1

[Event "Prva liga Centralne Srbije 2007"]
[Site "Vrnjacka Banja"]
[Date "2007.09.30"]
[Round "4.6"]
[White "Milanovic, Danilo"]
[Black "Rajevic, Gavrilo"]
[Result "1-0"]
[WhiteElo "2495"]
[BlackElo "2305"]
[PlyCount "85"]
[EventDate "2007.09.09"]

1. d4 Nf6 2. c4 g6 3. Nc3 Bg7 4. e4 d6 5. Be2 O-O 6. Nf3 e5 7. Be3 h6 8. O-O
Ng4 9. Bc1 Nc6 10. d5 Ne7 11. Nh4 Nxd5 12. Nxd5 Qxh4 13. h3 c6 14. Bxg4 cxd5
15. Bxc8 Raxc8 16. Qxd5 Rc6 17. Be3 a6 18. b3 Kh7 19. Rad1 f5 20. exf5 gxf5 21.
f4 e4 22. Kh2 Qe7 23. Qa5 Qf7 24. Rf2 Qg6 25. a4 Bf6 26. g3 Bd8 27. Qb4 Rf7 28.
Rd5 Rg7 29. Rg2 h5 30. a5 Bh4 31. Qe1 Be7 32. Qd2 Rf7 33. Kh1 Kg8 34. Kg1 Rh7
35. Qd1 Rg7 36. Qe2 Bf6 37. Qd2 Be7 38. Qd1 Bd8 39. g4 hxg4 40. hxg4 fxg4 41.
Bd4 Bf6 42. Bxf6 Qxf6 43. Rxg4 1-0

[Event "Prva liga Centralne Srbije 2007"]
[Site "Vrnjacka Banja"]
[Date "2007.09.30"]
[Round "4.6"]
[White "Jonic, Vladimir"]
[Black "Nikolic, Zivoslav"]
[Result "1/2-1/2"]
[WhiteElo "2208"]
[BlackElo "2417"]
[PlyCount "52"]
[EventDate "2007.09.09"]

1. e4 e6 2. d4 d5 3. Nc3 Bb4 4. e5 c5 5. a3 Bxc3+ 6. bxc3 Nc6 7. Nf3 Qa5 8. Qd2
Nge7 9. a4 cxd4 10. cxd4 Qxd2+ 11. Bxd2 Nf5 12. Bb5 Bd7 13. Bxc6 Bxc6 14. Bb4
h5 15. c3 f6 16. Kd2 Kd7 17. g3 b6 18. a5 bxa5 19. Rxa5 a6 20. Rg1 Bb5 21. Raa1
Ne7 22. h3 Nc6 23. Bc5 Rhg8 24. h4 Ke8 25. g4 hxg4 26. Rxg4 fxe5 1/2-1/2